| 000 | 01084nac a22002771u 4500 | ||
|---|---|---|---|
| 010 | _a 2007299594 | ||
| 020 | _a9780745326467 (hbk.) | ||
| 020 | _a0745326463 (hbk.) | ||
| 020 | _a9780745326450 (pbk.) | ||
| 020 | _a0745326455 (pbk.) | ||
| 035 | _a(OCoLC)ocn123113885 | ||
| 082 | 0 | 4 |
_a305.800941 _bKUN |
| 090 |
_c8387 _d8387 |
||
| 100 | _aKundnani, Arun. | ||
| 245 | 1 | 4 |
_aThe end of tolerance : racism in 21st century Britain / _bracism in 21st century Britain / _cArun Kundnani. |
| 260 |
_aLondon, Ann Arbor, MI : _bPluto Press,2007. _cc2007. |
||
| 300 |
_aviii, 221 p. ; _c23 cm. |
||
| 500 | _aDistributer: Al-Ahram | ||
| 504 | _aIncludes bibliographical references (p. 189-214) and index. | ||
| 511 | _aCatalogued by: Sara | ||
| 650 | 0 |
_aRacism _zGreat Britain. |
|
| 651 | 0 |
_aGreat Britain _xRace relations. |
|
| 856 | 4 | 2 |
_3Publisher description _uhttp://www.loc.gov/catdir/enhancements/fy0809/20 |
| 942 |
_cBB _k305.800941KUN |
||
| 999 |
_c8387 _d8387 |
||